Normal view
MARC view
- Lurie K
Entry Personal Name
001 - CONTROL NUMBER
- control field: 113536
003 - CONTROL NUMBER IDENTIFIER
- control field: OSt
005 - DATE AND TIME OF LATEST TRANSACTION
- control field: 20230125044525.0
008 - FIXED-LENGTH DATA ELEMENTS
- fixed length control field: 230125|| aca||aabn | a|a d
040 ## - CATALOGING SOURCE
- Original cataloging agency: OSt
- Transcribing agency: OSt
100 ## - HEADING--PERSONAL NAME
- Personal name: Lurie K
670 ## - SOURCE DATA FOUND
- Source citation: Work cat.: (OSt)90736: Lurie K, The princeton review cracking the GRE, 2002